00446nam a22001577a 4500010001400000020002600014035001300040037001300053082001100066100001100077245007500088260003900163270004200202300002700244700001700271 aENG-97483 a9788183571883c250.00 aEN-81016 bDBAD/PUB a808.84 aSen, S aUnique quintessence of general english /cby S. Sen [and] J. K. Chopra aNew DelhibUnique Publishersc2010 aM-51, Lajpat NagarbNew Delhie110024 axiv, 632p.c21cm (pbk) aChopra, J. K